Guess 10 polish footballers by image - Statistics

General Stats
  • This quiz has been taken 273 times
  • The average score is 7 of 10
Answer Stats
Picture Answer % Correct
Robert Lewandowski
100%
Wojciech Szczęsny
89%
Łukasz Fabiański
84%
Arkadiusz Milik
81%
Piotr Zielinski
73%
Kamil Glik
69%
Łukasz Piszczek
67%
Grzegorz Krychowiak
61%
Jakub Błaszczykowski
57%
Zbigniew Boniek
48%
No matching quizzes found
Score Distribution
Percent of People with Each Score
Percentile by Number Answered
Your Score History
You have not taken this quiz